| 000 | 00409nam a2200109Ia 4500 | ||
|---|---|---|---|
| 008 | 160909s9999 xx 000 0 und d | ||
| 100 | _aGodinez, Brenda | ||
| 245 | _aPsychological distress, externalizing and internalizing behaviors among Latino adolescents | ||
| 260 |
_bCalifornia State University, Long Beach. _c2016 |
||
| 650 | _aNursing | ||
| 856 | _uhttp://pqdtopen.proquest.com/doc/1732131464.html?FMT=ABS | ||
| 999 |
_c303964 _d303964 |
||